00494nam a2200193 a 4500001001300000003000900013005001700022008004100039020001000080082001800090100002100108245003100129260005400160300000900214500003500223505001000258650001100268700002100279nice12345678IN_TiNIC20260116011341.0050524s1955 hyda grp 000 0 urd  ac10000a297.124bHAM1 aHamidullah, Mohd aSahifa-I-Hammam Bin Munaba aHyderabad bMarkazi Anjuman Taleemus Salat c1955 a146p aincludes index and biblioraphy2 aIndex aHadith1 aHamidullah, Mohd